000 00614cab a2200229 4500
001 WB3002-25
008 090401t1994 xxu||||| |||| 00| 0 eng d
035 _a(Sirsi) u47465
041 _aeng
100 _aAppleton, P.
245 _aInsuring both sides have the best cover
260 _c1994
350 _a0
490 _aCSW - The Property Week
_v46(2) 13 January 1994, 40(1)
520 _aAdvises a full understanding of insurance clauses in leases.
650 _aINSURANCE CLAUSES
650 _aLEASES
690 _aInsurance
_96249
700 _aBennett, E.
942 _n0
948 _c04/03/1997
999 _c29933
_d29933